Statistiques concernant Un quiz étoilé

Cliquez ici pour prendre le quiz!

Statistiques générales

  • Ce quiz a été pris 9 103 fois
    (9 080 depuis la dernière actualisation)
  • Le résultat moyen est 11 sur 20

Statistiques - réponses

QuestionRéponse% Correct
L'étoile de notre système solaireSoleil
99%
Série de films, où une guerre des étoiles
il y a
Star Wars
95%
Religion symbolisée par une étoile et un croissant de luneIslam
84%
Le jeu où un champignon vous fait grandir, mais une étoile vous rend invincibleSuper Mario bros.
84%
Quel pays possède le plus d'étoiles "mondiales" sur son maillot de football?Brésil
81%
Les meilleurs restaurants au monde en comptent troisÉtoiles {Michelin}
70%
Peintre de La Nuit étoilée Vincent van Gogh
70%
Explosion de certaines étoiles en fin de vieSupernova
63%
Elle apparaît sur le drapeau de l’IsraëlÉtoile de David
58%
Ville où se situe le trottoir aux étoiles rosesLos Angeles
56%
L'étoile du bergerVénus
54%
Étoile ninjaShuriken
53%
Quel animal se trouve au centre du symbole médical de l'étoile de vie?Serpent
52%
Épice en forme d'étoile, au goût de réglisseAnis étoilé
48%
Symbole typographique qui se traduit par "petite étoile" en grec ancienAstérisque
42%
Film où l'amour brille sous les étoilesLe Roi lion
38%
Univers de science-fiction dont le titre se traduit par "Le sentier des étoiles"Star Trek
32%
L'étoile la plus brillante de la Petite OurseÉtoile polaire
29%
Fruit de couleur verte, en forme d'étoileCarambole
16%
Instrument de navigation qui servait à mesurer la latitude avec les étoilesAstrolabe
13%

Distribution des résultats

Percentile par nombre de réponses

% des personnes avec chaque résultat

Votre développement - résultats

Vous n’avez pas pris ce quiz depuis la dernière actualisation